1690 1635 1779 1084 1578 1462 1888 1745 1657 1515 1966 1093 1335 1694 1107 1702 1225 1368 1422 1895 1822 1668 1303 1490 1916 1111 1029 1732 1368 1858 1348 1271 1897 1578 1091 1319 1830 1622 1401 1092 1117 1197 1408 1511 1355 1250 1930 1277 1160 1144 1327 1165 1452 1289 1899 1169 1584 1162 1296 1767 1042 1355 1538 1798 1487 1951 1407 1971 1903 1712 1640 1818 1246 1216 1653 1193 1000 1668 1180 1236 1409 1481 1302 1674 1710 1007 1266 1575 1805 1055 1774 1153 1797 1312 1287 1644 1736 1511 1576 BCNSPRNW ULIB Ver.6.0+V

เปลี่ยนเป็นภาษาไทย

Change to English
 แสดงรายละเอียดบรรณานุกรม
  กลับหน้าหลัก

Brief Record : Get Marc (ISO 2709) : E-mail record : QR code < ปิดหน้าต่าง
LEADER : 00000nam 2200000uu 4500
001    13399113424
003     ULIB
008    110627s2550||||th 000 0 tha d
020    9789749753323
090    นว.^bณ369ป 2550
100 0  ณัฐสิรี
245 00 ปาฏิหาริย์พรหมลิขิตรัก/^cณัฐสิรี
250    พิมพ์ครั้งที่ 1
260    กรุงเทพฯ :^bSugar rian,^c2550
300    237 หน้า
710 1  Sugar rian
945    ^p159^l0^i021021
995    ทศพร
999 ^a ใช้งานได้ทุกระบบ
รายการนี้ยังไม่มีแท็ก
คุณยังไม่ได้ล็อกอิน คุณสามารถมีกิจกรรมร่วมกับเว็บไซต์ได้ แต่ต้องล็อกอินก่อน ::
  ล็อกอิน

รายการสื่อสารสนเทศ

ลำดับที่ ประเภท เลขเรียก/บาร์โค้ด สถานที่ สถานะ
1. นวนิยาย
นวนิยาย
นว. ณ369ป 2550 ฉ.1 
  Barcode: 021021
ห้องสมุดวิทยาเขตสวรรค์ประชารักษ์
►นวนิยาย
บนชั้น
  ขอยืม

BibComment


ยังไม่เคยถูกคอมเมนท์

คอมเมนท์ทรัพยากรรายการนี้
  คอมเมนท์: ปาฏิหาริย์พรหมลิข..


 Copyright 2026. Bcnsprnw @Library